| 000 | 00671nam a22001817a 4500 | ||
|---|---|---|---|
| 999 |
_c3276 _d3276 |
||
| 003 | AR-CdUCM | ||
| 008 | 190306b ||||| |||| 00| 0 spa d | ||
| 040 |
_aMUNICIPALIDAD PROVINCIAL DEL CUSCO _cBIBLIOTECA MUNICIPAL DEL CUSCO |
||
| 082 |
_a868.6 / _bOS82 |
||
| 100 |
_aOssorio, Ángel _910915 |
||
| 245 | _aLa palabra y otros tanteos literarios / | ||
| 260 |
_aBuenos Aires : _bLosada, _c1945. |
||
| 300 |
_a171 páginas ; _c18 cm. |
||
| 505 | _aContenido: El estilo forense -- El sentido popular de Galdós -- Gloria y ventura del género chico -- Versos faciles -- Elogio de la vejez ... | ||
| 650 |
_aLiteratura española _9362 |
||
| 942 |
_2ddc _cLIBROS |
||
| 945 | _aafb | ||